المشروعات البحثيه المدعومه : دراسه تحديد الملوثات في غازاكسيد النيتروز / (رقم التسجيلة. 82556)

تفاصيل مارك
000 -LEADER
fixed length control field 00726nam a22001817a 4500
005 - DATE AND TIME OF LATEST TRANSACTION
control field 20251108172547.0
008 - FIXED-LENGTH DATA ELEMENTS--GENERAL INFORMATION
fixed length control field 250721s1996 xx 000 0 ara d
082 14 - DEWEY DECIMAL CLASSIFICATION NUMBER
Classification number 628.53/عقي
100 1# - MAIN ENTRY--PERSONAL NAME
Personal name عقيل، ناجح
Relator term مؤلف
245 10 - TITLE STATEMENT
Title المشروعات البحثيه المدعومه : دراسه تحديد الملوثات في غازاكسيد النيتروز /
264 1# - PRODUCTION, PUBLICATION, DISTRIBUTION, MANUFACTURE, AND COPYRIGHT NOTICE
Place of production, publication, distribution, manufacture الجمعية العلمية الملكية :
Name of producer, publisher, distributor, manufacturer المجلس الأعلى للعلوم والتكنولوجيا،
Date of production, publication, distribution, manufacture, or copyright notice 1996.
300 ## - PHYSICAL DESCRIPTION
Extent 31ص.
650 17 - SUBJECT ADDED ENTRY--TOPICAL TERM
Topical term or geographic name as entry element تلوث البيئه
650 17 - SUBJECT ADDED ENTRY--TOPICAL TERM
Topical term or geographic name as entry element مكافحة تلوث الهواء
700 1# - ADDED ENTRY--PERSONAL NAME
Personal name ناصر الدين، رنده
Relator term مؤلف مشارك
942 ## - ADDED ENTRY ELEMENTS (KOHA)
Source of classification or shelving scheme Dewey Decimal Classification
Koha item type كتب
المقتنيات
حالة السحب حالة الفقدان مصدر التصنيف حالة التلف غير قابل للإعارة المكتبة الرئيسية المكتبة الحالية موقع الرف تاريخ التزويد الرقم المتسلسل Total Checkouts رقم الإستدعاء الباركود تاريخ آخر ظهور تاريخ الفاتورة نوع المادة (كوها)
    Dewey Decimal Classification   Not For Loan مكتبة تاريخ الأردن مكتبة تاريخ الأردن لا يعار 08/12/2010 1453504   628.53/عقي PLD00172161 28/07/2025 08/12/2010 كتب
    Dewey Decimal Classification     مكتبة وادي السير العامة مكتبة وادي السير العامة الإعارة 13/04/2016 [8164]   628.53/عقي PLD00386287 28/07/2025 13/04/2016 كتب
Implemented & Customized by: BBB with SCIT (Smart Chains for Information Technology)

Powered by Koha